000 00727nam a22002297a 4500
999 _c20525
_d20525
005 20191028121154.0
008 191028b xxu||||| |||| 00| 0 spa d
020 _a9788997462452
040 _aCO-BoIAVH
_cCO-BoIAVH
041 _aeng
041 _akor
044 _ako
082 _a577.076
_bAh61k
100 _aAhn, Yeon-Soon
245 _aKorean Red List of Threatened Species:
_bMammals, birds, reptiles, amphibians, fishes and vascular plants.
260 _aIncheon:
_bNational Institute of Biological Resources,
_c2012.
300 _a111 Páginas:
_c21 x 15 cm.
650 0 _aBiodiversidad
_zCorea
650 0 _aFlora y Fauna
650 0 _aEspecies amenazadas
942 _2ddc
_cLIBRO